| 000 | 00989nam a2200241Ia 4500 | ||
|---|---|---|---|
| 001 | 892-EPO gi (9084) | ||
| 003 | IT-MiSPE | ||
| 008 | 171229s9999||||xx |||||||||||||| ||und|| | ||
| 040 |
_aIT-MiSPE _cIT-MiSPE |
||
| 041 | _aITALIANO | ||
| 100 | _aN. K. Sandars | ||
| 245 | 0 | _aL'epopea di Gilgames | |
| 250 | _a1a ed. (v) | ||
| 260 |
_aMilano _bAdelphi _c1986 |
||
| 300 |
_a165 p. _c18 cm |
||
| 490 |
_aPiccola biblioteca _v194 |
||
| 500 | _aGilgamesh | ||
| 501 | _aEdizioni San Paolo srl - Piazza Soncino, 5 - 20092 CINISELLO BALSAMO (MI) (non commercial uses only) ® Copyright 2018 | ||
| 700 |
_aAlessandro Possi _g(traduzione) |
||
| 942 | _cBK | ||
| 957 | _71 | ||
| 999 |
_a18719 _bNO _g Copie: 1 _c355401 _d355401 |
||